• 首页
  • 本馆介绍
  • 公告通知
  • 最新文献
  • 馆藏检索
  • 电子资源
  • 读者导购
  • 参考咨询
  • 我的图书馆
  • 登录
  • 详细信息显示
  • 放入我的书架
  • 预约/预借图书
  • 作者相关作品
  • 分类相关作品
  • 丛书相关作品
  • 出版社相关作品

书目信息

  • 表格格式
  • 工作单格式
  • 卡片格式
题名:
家庭养生药酒精选
    
 
作者: 刘莹 编著
分册:  
出版信息: 上海   上海科学普及出版社  2018
页数: 312页
开本: 24cm
丛书名:
单 册:
中图分类: R212 , R247.1
科图分类:
主题词: 药酒--养生(中医)
电子资源:
ISBN: 978-7-5427-7027-1
000 00596nam0 2200217 450
001 5666
005 20181020113851.12
010    @a978-7-5427-7027-1@dCNY36.80
100    @a20180412d2018 em y0chiy50 ea
101 0  @achi
102    @aCN@b310000
105    @ay z 000yy
200 1  @a家庭养生药酒精选@9jia ting yang sheng yao jiu jing xuan@f刘莹编著
210    @a上海@c上海科学普及出版社@d2018
215    @a312页@d24cm
606 0  @a药酒@x养生(中医)
690    @aR212@v5
690    @aR247.1@v5
701  0 @a刘莹@9liu ying@4编著
801  0 @aCN@b91MARC@c20180412
905    @aMuseLib@dR212@e475
    
    家庭养生药酒精选/刘莹编著.-上海:上海科学普及出版社,2018
    312页;24cm
    
    
    ISBN 978-7-5427-7027-1:CNY36.80
    
●
相关链接 在E读中查询图书 在五车中查询图书 在当当中查询图书 在豆瓣中查询图书


正题名:家庭养生药酒精选     索取号:R212/475         预约/预借

序号 登录号 条形码 馆藏地/架位号 状态 备注
1 1130731   211307316   第二样本阅览室/ [索取号:R212/475] 在馆    
2 1130732   211307325   密集书库-生命科学系/ [索取号:R212/475] 在馆    
3 1130733   211307334   第三借阅区/ [索取号:R212/475] 在馆    
4 1130734   211307343   第三借阅区/ [索取号:R212/475] 在馆    
5 1130735   211307352   第三借阅区/ [索取号:R212/475] 在馆    
唐山师范学院图书馆 欢迎您!
大连网信软件有限公司© 版权所有